L'Allemagne premier exportateur industriel mondial.

Nemecko ako vývozná veľmoc. Pokles francúzskeho vývozu na svetové trhy od r. 1980, najmä však zariadení. NDR predáva svoje výrobky drahšie. Francúzsko sa menej prispôsobuje rôznorodosti dopytu. Francúzsky a nemecký podiel na vývoze. Inovačná kapacita Francúzska sa v 80. rokoch menej diferencovala. N...

Description complète

Enregistré dans:
Détails bibliographiques
Auteur principal: Toujas-Bernate, J.
Format: Chapitre de livre
Langue:français
Sujets:
Tags: Ajouter un tag
Pas de tags, Soyez le premier à ajouter un tag!

MARC

LEADER 00000naa a2200000 4500
001 r007899
005 20221125091505.6
041 0 |a fre 
044 |a FR 
245 1 0 |a L'Allemagne premier exportateur industriel mondial.  |c J. Toujas-Bernate 
520 |a Nemecko ako vývozná veľmoc. Pokles francúzskeho vývozu na svetové trhy od r. 1980, najmä však zariadení. NDR predáva svoje výrobky drahšie. Francúzsko sa menej prispôsobuje rôznorodosti dopytu. Francúzsky a nemecký podiel na vývoze. Inovačná kapacita Francúzska sa v 80. rokoch menej diferencovala. Nemecký a francúzsky strojársky priemysel. 
610 2 0 |a vývoz 
610 2 0 |a výrobky priemyselné 
610 2 0 |a Nemecko 
610 2 0 |a Francúzsko 
610 2 0 |a trh svetový 
610 2 0 |a inovácia 
610 2 0 |a priemysel strojársky 
610 2 0 |a porovnanie štatistické medzinárodné 
100 1 |a Toujas-Bernate, J.